| Поле | Инд. | ПП | Название | Значение |
|---|---|---|---|---|
| Тип записи | a | |||
| Библиографический уровень | b | |||
| 001 | Контрольный номер | RU/IS/BASE/185982918 | ||
| 005 | Дата корректировки | 20220715140325.5 | ||
| 008 | Кодируемые данные | 20051122 | ||
| 084 | a | Индекс другой классификации/Индекс ББК | 87.703.3 | |
| a | Индекс другой классификации/Индекс ББК | 66.01; 60.000.3 | ||
| 100 | 1_ | a | Автор | Семенова Р. У. |
| q | Полное имя | Семенова Равиля Узбековна | ||
| 245 | a | Заглавие | Соотношение политики и морали в русле дискуссионного поля современной политической науки | |
| 504 | a | Библиография | Библиогр. ссылки. - Примеч. | |
| 650 | a | Основная рубрика | политика | |
| a | Основная рубрика | политическая философия (философия политики) | ||
| a | Основная рубрика | социальная философия | ||
| a | Основная рубрика | социальная этика | ||
| a | Основная рубрика | философия | ||
| a | Основная рубрика | философские науки | ||
| a | Основная рубрика | этика | ||
| 653 | a | Ключевые слова | мораль | |
| a | Ключевые слова | политическая мораль | ||
| a | Ключевые слова | политическая этика | ||
| 773 | t | Заглавие источника | Вестник Московского университета. Серия 18, Социология и политология | |
| d | Дата издания источника | 2005 | ||
| g | Прочая информация | № 3. - С. 87 - 99 | ||
| w | Контрольный № источника | RU/IS/BASE/184253657 | ||
| 901 | t | Тип документа | b |